Nicknames of Oil Blends Quiz Stats

 Plays Quiz not verified by Sporcle

Challenge
Share
Tweet
Score 0/20 Timer 08:00
0 Plays Today
% Correct
Breathe
93%
DigestZen
93%
On Guard
84.5%
TerraShield
80.3%
Balance
75.6%
Purify
74.6%
AromaTouch
64.3%
Whisper
63.8%
Elevation
62%
Deep Blue
61%
% Correct
InTune
55.9%
PastTense
55.4%
DDR Prime
47.2%
Citrus Bliss
46.5%
Slim & Sassy
44.1%
ClaryCalm
43.2%
Clear Skin
43.2%
Serenity
42.3%
Immortelle
39%
Zendocrine
38%

You're not logged in!

Compare scores with friends on all Sporcle quizzes.
OR
Log In

You Might Also Like...

Show Comments

Extras

Top Quizzes Today


Score Distribution

Your Account Isn't Verified!

In order to create a playlist on Sporcle, you need to verify the email address you used during registration. Go to your Sporcle Settings to finish the process.

Report this User

Report this user for behavior that violates our Community Guidelines.

Details: